1483 1483 1597 1753 1950 1998 1924 1764 1949 1107 1840 1592 1155 1021 1222 1049 1681 1676 1573 1869 1987 1000 1008 1015 1943 1165 1828 1595 1735 1121 1507 1664 1703 1466 1767 1798 1200 1663 1562 1167 1803 1286 1090 1613 1497 1784 1904 1192 1786 1883 1994 1306 1478 1404 1649 1545 1904 1081 1713 1820 1427 1214 1049 1939 1065 1388 1501 1253 1665 1019 1228 1764 1397 1125 1539 1320 1548 1297 1941 1433 1056 1065 1516 1536 1976 1493 1121 1336 1102 1628 1407 1608 1482 1552 1140 1429 1807 1754 1814 BCNSPRNW ULIB Ver.6.0+V

เปลี่ยนเป็นภาษาไทย

Change to English
 แสดงรายละเอียดบรรณานุกรม
  กลับหน้าหลัก

Brief Record : Get Marc (ISO 2709) : E-mail record : QR code < ปิดหน้าต่าง
LEADER : 00000nam 2200000uu 4500
001    13399111729
003     ULIB
008    110707s2549||||th 000 0 tha d
020    9749458052
020    9789749458051
050  4 DS586^bธ395ร 2549
100 0  ธวัชชัย พืชผล
245 10 รักในหลวงต้องทำ...เพื่อในหลวง /^cโดย ธวัชชัย พืชผล
260    กรุงเทพฯ :^bRed & Share,^c2549
300    231 หน้า :^bภาพประกอบ ;^c22 ซม.
600 07 ภูมิพลอดุลยเดช,^cพระบาทสมเด็จพระปรมินทรมหา,^d2470-
600 07 ภูมิพลอดุลยเดช,^cพระบาทสมเด็จพระปรมินทรมหา,^d2470-^xพระราชกรณียกิจ
945    ^p199^l0^i019648
995    ทศพร
999 ^a ใช้งานได้ทุกระบบ
รายการนี้ยังไม่มีแท็ก
คุณยังไม่ได้ล็อกอิน คุณสามารถมีกิจกรรมร่วมกับเว็บไซต์ได้ แต่ต้องล็อกอินก่อน ::
  ล็อกอิน

รายการสื่อสารสนเทศ

ลำดับที่ ประเภท เลขเรียก/บาร์โค้ด สถานที่ สถานะ
- ไม่พบข้อมูล -

BibComment


ยังไม่เคยถูกคอมเมนท์

คอมเมนท์ทรัพยากรรายการนี้
  คอมเมนท์: รักในหลวงต้องทำเพ..


 Copyright 2026. Bcnsprnw @Library